Random around the site trivia - Statistics

General Stats
  • This quiz has been taken 16 times
  • The average score is 5 of 9
Answer Stats
Hint Answer % Correct
How many spikes does the jetpunk fish have? 5
100%
Which letters are capital in the logo? J and P
90%
What color are the Jetpunk fishes eyes? blue
80%
When did Jetpunk become a quiz website? 2008
50%
How many minigames are there? 4
50%
What button is to the right of the more button? create
50%
What is currently the most popular quiz tag? geography
40%
How much does a Jetpunk premium 5 year plan cost? $35
30%
Which organization has Jetpunk partnered with to plant trees? Trees for the Future
20%
No matching quizzes found
Score Distribution
Percent of People with Each Score
Percentile by Number Answered
Your Score History
You have not taken this quiz